00580nam a2200169 a 450000100100000000500170001000800410002702000150006804000250008308200150010810000350012324500880015826000420024630000300028850000510031850400410036900001494220200929163928.0100127s2006 xxu 000 0 spa d a1425937985 aDO-SdBNPbspacBNPHU axxxbA472s1 aAlvarado, Jorge Marlbord1963-13aLa sombra del poder global y el terrorismo internacional /cJorge Marlbor Alvarado. aEstados Unidos :bAuthorhouse,c2006. a228 p. :bTabla ;c23 cm. aIncluye datos biográficos del autor (p. 230) aIncluye referencias bibliográficas